00558nam a22001697a 450000500170000001000130001702000260003003500110005603700180006708200100008510000260009524500690012124600510019026000500024127000740029130000230036520220204152153.0 aUR-11420 c250.00a9789390533992 aU-9975 bDBAD/PUBadpl a305.4 aسہيل جا معی  aعو ر تو ں کے جنسی مسا يلcسہيل جا معی  bAurton Ke Jinsi Masayel (Urdu)aby Suhail Jami aDelhi bEducational Publishing Housec2021 ء a3191,Vakil Street,Kucha Pandit,Lal Kuan,bDelhi e110006k23216162l- a132 ص c22 Cm(Hb)